Desert or No Desert? - Multiple Choice - Statistics

General Stats
  • This quiz has been taken 37 times
  • The average score is 15 of 20
Answer Stats
Question Answer % Correct
India Desert
100%
Spain Desert
100%
Egypt Desert
100%
Russia Desert
86%
Argentina Desert
86%
United States Desert
86%
Brazil No Desert
86%
South Korea No Desert
86%
Belarus No Desert
86%
Kazakhstan Desert
71%
Mongolia Desert
71%
Canada No Desert
71%
Finland No Desert
71%
Portugal No Desert
71%
North Korea No Desert
71%
Sri Lanka No Desert
71%
Denmark No Desert
71%
Laos No Desert
71%
Italy Desert
29%
Poland Desert
14%
No matching quizzes found
Score Distribution
Percent of People with Each Score
Percentile by Number Answered
Your Score History
You have not taken this quiz